<?xml version="1.0" encoding="UTF-8"?>
<collection xmlns="http://www.loc.gov/MARC21/slim">
 <record>
  <leader>01425ppm a22003018a 4500</leader>
  <controlfield tag="001">00039939</controlfield>
  <controlfield tag="005">20171026081025.0</controlfield>
  <controlfield tag="008">170718s2017                  ||||||viesd</controlfield>
  <datafield tag="041" ind1="0" ind2="#">
   <subfield code="a">vie</subfield>
  </datafield>
  <datafield tag="082" ind1="1" ind2="4">
   <subfield code="b">V121D</subfield>
   <subfield code="a">516.23</subfield>
  </datafield>
  <datafield tag="100" ind1="1" ind2="#">
   <subfield code="a">Trần, Thị Minh Tuyền</subfield>
  </datafield>
  <datafield tag="245" ind1="0" ind2="0">
   <subfield code="a">Vận dụng phương pháp dạy học phát hiện và giải quyết vấn đề trong dạy học giải bài tập chương khối đa diện hình học 12 THPT</subfield>
   <subfield code="b">Luận văn thạc sĩ Khoa học giáo dục. Chuyên ngành: Lý  luận và Phương pháp dạy học Bộ môn Toán. Mã số: 60140111</subfield>
   <subfield code="c">Trần Thị Minh Tuyền; Nguyễn Dương Hoàng (hướng dẫn)</subfield>
  </datafield>
  <datafield tag="260" ind1="#" ind2="#">
   <subfield code="a">Đồng Tháp</subfield>
   <subfield code="b">Đại học Đồng Tháp</subfield>
   <subfield code="c">2017</subfield>
  </datafield>
  <datafield tag="300" ind1="#" ind2="#">
   <subfield code="a">124 tr.+ phụ lục</subfield>
   <subfield code="c">30cm.</subfield>
   <subfield code="e">1 bản tóm tắt</subfield>
  </datafield>
  <datafield tag="500" ind1="#" ind2="#">
   <subfield code="a">ĐTTS ghi: Bộ giáo dục và đào tạo. Trường Đại học Đồng Tháp</subfield>
  </datafield>
  <datafield tag="653" ind1="#" ind2="#">
   <subfield code="a">Hình học 12</subfield>
  </datafield>
  <datafield tag="653" ind1="#" ind2="#">
   <subfield code="a">Học sinh</subfield>
  </datafield>
  <datafield tag="653" ind1="#" ind2="#">
   <subfield code="a">Trung học phổ thông</subfield>
  </datafield>
  <datafield tag="653" ind1="#" ind2="#">
   <subfield code="a">Luận văn</subfield>
  </datafield>
  <datafield tag="653" ind1="#" ind2="#">
   <subfield code="a">Khối đa diện</subfield>
  </datafield>
  <datafield tag="700" ind1="1" ind2="#">
   <subfield code="a">Nguyễn, Dương Hoàng</subfield>
   <subfield code="e">Hướng dẫn</subfield>
  </datafield>
  <datafield tag="852" ind1="#" ind2="#">
   <subfield code="j">LV.0001227</subfield>
   <subfield code="j">LV.0001606</subfield>
  </datafield>
  <datafield tag="852" ind1="#" ind2="#">
   <subfield code="b">Kho đọc SĐH</subfield>
   <subfield code="j">LV.0001227</subfield>
  </datafield>
  <datafield tag="910" ind1=" " ind2=" ">
   <subfield code="d">18/07/2017</subfield>
  </datafield>
  <datafield tag="980" ind1="#" ind2="#">
   <subfield code="a">Trung tâm Học liệu Lê Vũ Hùng, Trường Đại học Đồng Tháp</subfield>
  </datafield>
 </record>
</collection>
